| 000 | 00576nam a22001577a 4500 | ||
|---|---|---|---|
| 005 | 20120509121722.0 | ||
| 020 |
_a8185212457 _c125.00 |
||
| 035 | _aA-950187 | ||
| 037 |
_aDPL _bENG |
||
| 100 |
_aSohal, N.P.S. _946726 |
||
| 245 |
_aPractice and law of banking - I / _cby N.P.S. Sohal |
||
| 260 |
_aChandigarh _bArun Publishing House _c1996 |
||
| 300 |
_a245p. _c18 cms. |
||
| 942 |
_2ddc _cEN _h332.1 _mSOH |
||
| 999 |
_c66369 _d66369 |
||